[Event "Campeonato Brasileiro Amador 2019 U2200"]
[Site "Sao Paulo"]
[Date "2019.06.20"]
[Round "2.5"]
[White "Magalhaes, Jonathas Jose De"]
[Black "Guerreiro, Alexandre Vieira"]
[Result "1-0"]
[WhiteElo "2094"]
[BlackElo "2013"]
[PlyCount "69"]
[EventDate "2019.06.20"]

{[%evp 0,61,16,25,25,-11,-17,4,32,18,65,65,61,61,61,68,68,55,107,51,63,40,50,
19,95,96,170,130,245,126,167,147,316,230,271,209,559,559,621,450,774,828,828,
777,828,835,843,865,836,838,904,958,978,1058,1046,1146,1787,1537,1787,1720,
1726,1592,1747,1423]} 1. d4 Nf6 2. c4 e6 3. Nf3 Bb4+ 4. Bd2 c5 5. Bxb4 cxb4 6.
Nbd2 d5 7. e3 O-O 8. Bd3 b6 9. O-O Bb7 10. Qa4 a5 11. c5 Qe7 12. Rfc1 Rc8 13.
cxb6 Nbd7 14. Rxc8+ Bxc8 15. Qb5 Nb8 16. Ne5 Qb7 17. Rc1 Bd7 18. Qc5 Na6 19.
Qe7 Bc6 20. Nxc6 Qxb6 21. Ne5 Rf8 22. Rc6 Qb8 23. Bxa6 b3 24. axb3 a4 25. b4 a3
26. bxa3 Qa8 27. b5 Kh8 28. Nxf7+ Kg8 29. Qxe6 h6 30. Nxh6+ Kh7 31. Nf5 Qb8 32.
Qe7 Nh5 33. Rh6+ Kg8 34. Qe6+ Rf7 35. Ne7+ 1-0

[Event "Campeonato Brasileiro Amador 2019 U2200"]
[Site "Sao Paulo"]
[Date "2019.06.20"]
[Round "2.6"]
[White "Federzoni, Enzo"]
[Black "Andrade, Guilherme A. De Souz"]
[Result "1/2-1/2"]
[WhiteElo "2091"]
[BlackElo "1862"]
[PlyCount "121"]
[EventDate "2019.06.20"]

{[%evp 0,121,37,-6,-6,-4,0,-17,-10,-19,-19,-46,-9,-10,5,-2,5,-1,11,-3,24,10,19,
5,43,20,20,27,30,17,4,-5,0,-47,-10,-25,-38,-41,-42,-37,-32,-19,-16,-16,20,-22,
-1,6,5,36,42,38,56,48,68,52,52,51,41,16,26,25,21,32,30,33,30,15,30,21,30,51,46,
48,36,32,29,18,45,45,32,26,40,26,66,57,53,46,105,104,104,28,37,28,28,-41,-10,
-18,0,-18,-18,-116,-109,-107,0,0,26,0,0,0,11,0,0,-51,-51,-147,-147,-147,-147,
-112,-108,-65,0,0]} 1. g3 d5 2. Nf3 Nf6 3. Bg2 Bf5 4. O-O h6 5. d3 e6 6. Nbd2
Be7 7. b3 O-O 8. Bb2 Nbd7 9. Re1 c6 10. e4 dxe4 11. dxe4 Bh7 12. e5 Nd5 13. a3
a5 14. c4 N5b6 15. Qe2 Nc5 16. Bc3 Qd3 17. Qxd3 Nxd3 18. Re2 Rfd8 19. Ne1 Nxe1
20. Rexe1 Rd3 21. Rec1 Bc5 22. Be4 Bxe4 23. Nxe4 Be7 24. a4 Kf8 25. Kf1 Rdd8
26. Rd1 Rxd1+ 27. Rxd1 Ke8 28. Ke2 Nd7 29. g4 Nc5 30. Nxc5 Bxc5 31. h4 Ke7 32.
h5 b6 33. Rd2 Rg8 34. Rd3 Rb8 35. f4 g6 36. hxg6 fxg6 37. Rh3 Rh8 38. Kf3 Rh7
39. Ke4 h5 40. f5 Kf7 41. Bd2 exf5+ 42. gxf5 gxf5+ 43. Kxf5 Be7 44. e6+ Kf8 45.
Rd3 h4 46. Rh3 Rh5+ 47. Ke4 Bf6 48. Bf4 Ke7 49. Bc7 b5 50. Bxa5 bxa4 51. Bb4+
Kxe6 52. bxa4 Be7 53. Bxe7 Kxe7 54. Kd4 c5+ 55. Kc3 Kd6 56. Kb3 Kc6 57. a5 Kb7
58. Ka3 Ka6 59. Ka4 Rh6 60. Rf3 h3 61. Rxh3 1/2-1/2

[Event "Campeonato Brasileiro Amador 2019 U2200"]
[Site "Sao Paulo"]
[Date "2019.06.20"]
[Round "2.10"]
[White "Do Valle Cardoso, Lucas"]
[Black "Van Riemsdijk, Dirk D."]
[Result "1-0"]
[WhiteElo "2198"]
[BlackElo "1931"]
[PlyCount "73"]
[EventDate "2019.06.20"]

{[%evp 0,73,37,37,54,69,65,36,58,36,41,73,37,9,73,52,38,28,10,26,40,37,24,18,
12,4,4,7,12,14,14,11,11,6,9,-9,36,27,55,27,27,42,59,40,50,37,84,44,61,95,77,77,
58,58,58,59,62,55,56,81,83,83,166,134,158,127,140,124,142,178,198,157,296,363,
572,276]} 1. e4 c6 2. d4 d5 3. Nc3 dxe4 4. Nxe4 Bf5 5. Ng3 Bg6 6. h4 h6 7. h5
Bh7 8. Nf3 e6 9. Bd3 Bxd3 10. Qxd3 Nf6 11. Bd2 Bd6 12. Ne4 Nxe4 13. Qxe4 Nd7
14. O-O-O Nf6 15. Qe2 Qc7 16. Kb1 O-O-O 17. c4 c5 18. Bc3 Rhe8 19. Ne5 cxd4 20.
Bxd4 Bxe5 21. Bxe5 Qc6 22. g4 Rd7 23. f3 Red8 24. Rxd7 Qxd7 25. g5 Ne8 26. gxh6
gxh6 27. Bf4 f6 28. Qe3 e5 29. Bxh6 Qh7+ 30. Ka1 Rd3 31. Qe4 Qd7 32. a3 Rd4 33.
Qc2 Nd6 34. Be3 Rxc4 35. Qg6 Qc6 36. Qxf6 Rc2 37. Qe6+ 1-0

[Event "Campeonato Brasileiro Amador 2019 U2200"]
[Site "Sao Paulo"]
[Date "2019.06.20"]
[Round "2.11"]
[White "Pertuzatti, Daniel"]
[Black "Bortoloso, Moacir Canella"]
[Result "1/2-1/2"]
[WhiteElo "1935"]
[BlackElo "2143"]
[PlyCount "55"]
[EventDate "2019.06.20"]

{[%evp 0,55,18,38,48,48,66,38,38,34,34,29,86,75,120,77,75,36,96,8,81,66,84,3,
80,73,70,69,66,62,36,34,43,11,22,8,0,0,60,51,60,-93,52,-83,-82,27,40,33,63,63,
85,114,78,0,16,6,-3,-30]} 1. e4 c5 2. Nf3 e6 3. d4 cxd4 4. Nxd4 Nc6 5. Nc3 Qc7
6. Be3 a6 7. a3 Nf6 8. f4 d6 9. Qf3 Be7 10. Be2 Rb8 11. g4 b5 12. g5 Nd7 13.
Qh5 g6 14. Qh6 Bf8 15. Qh4 Bg7 16. O-O-O b4 17. axb4 Rxb4 18. Qf2 Na5 19. f5
Ne5 20. Bb5+ Bd7 21. fxe6 Bxb5 22. Ndxb5 axb5 23. Bb6 Nb3+ 24. cxb3 Qc6 25. Ba5
Rxe4 26. exf7+ Nxf7 27. Kb1 Re5 28. h4 1/2-1/2

[Event "Campeonato Brasileiro Amador 2019 U2200"]
[Site "Sao Paulo"]
[Date "2019.06.20"]
[Round "2.12"]
[White "Abreu, Guilherme Correa"]
[Black "Januario, Severino Pereira"]
[Result "0-1"]
[WhiteElo "1997"]
[BlackElo "2135"]
[PlyCount "110"]
[EventDate "2019.06.20"]

{[%evp 0,110,16,25,25,25,64,53,57,35,60,15,26,4,43,-11,-8,-14,27,19,22,22,15,
-5,21,22,112,88,93,93,93,83,83,83,83,83,95,83,83,19,91,66,119,87,162,20,0,-28,
-22,-39,-33,-48,-19,27,9,-27,0,-31,55,35,56,-4,0,2,6,-14,-47,-128,-149,-149,0,
-99,-108,-91,-102,-107,-107,-134,-126,-138,-120,-115,-125,-327,-114,-113,-110,
-140,-132,-132,-132,-145,-143,-145,-144,-159,-157,-235,-127,-131,-121,-131,
-126,-181,-116,-243,-312,-599,-466,-1401,-1355,-29981,-29982]} 1. d4 Nf6 2. Nf3
g6 3. c4 Bg7 4. Nc3 d5 5. e3 O-O 6. Bd3 c5 7. O-O cxd4 8. exd4 dxc4 9. Bxc4
Nbd7 10. Bg5 h6 11. Bh4 g5 12. Bg3 Nh5 13. Nxg5 Nxg3 14. Nxf7 Rxf7 15. fxg3 Nf6
16. Bxf7+ Kxf7 17. Qb3+ Kg6 18. Qc2+ Kf7 19. Rad1 Bg4 20. Rd2 Qb6 21. Qe4 Be6
22. Kh1 Kg8 23. Qf3 Rd8 24. d5 Qc5 25. Re1 Bxd5 26. Nxd5 Rxd5 27. Rde2 Rd7 28.
h3 Kf7 29. Qb3+ Nd5 30. Rc2 Qb4 31. Rf1+ Bf6 32. Qd3 Kg7 33. Qf5 Ne3 34. Qxd7
Nxc2 35. b3 Ne3 36. Rc1 Qe4 37. Qd2 Nf5 38. Re1 Nxg3+ 39. Kh2 Qg6 40. Qf4 Nf5
41. Qe4 Nd6 42. Qxg6+ Kxg6 43. g4 e5 44. Rd1 Be7 45. Kg2 Kf6 46. Kf3 Ke6 47.
Rc1 e4+ 48. Ke2 Kd5 49. Rc7 Bg5 50. Rd7 a5 51. a3 b6 52. Rc7 Nb5 53. Rd7+ Ke6
54. Rb7 Nd4+ 55. Kd1 e3 0-1

[Event "Campeonato Brasileiro Amador 2019 U2200"]
[Site "Sao Paulo"]
[Date "2019.06.20"]
[Round "2.13"]
[White "Borges, Wagner Da Silva"]
[Black "Costa, Henrique De Jesus"]
[Result "1-0"]
[WhiteElo "2134"]
[BlackElo "1800"]
[PlyCount "57"]
[EventDate "2019.06.20"]

{[%evp 0,57,18,20,34,33,30,23,45,40,47,34,27,28,29,20,25,-3,11,2,-8,-7,1,-6,9,
13,33,28,101,40,84,31,31,16,16,16,78,66,71,71,144,52,104,119,186,186,228,228,
228,159,137,155,219,212,191,338,508,514,515,515]} 1. d4 Nf6 2. Nf3 e6 3. Bf4 b6
4. e3 Bb7 5. Nbd2 Be7 6. Bd3 d5 7. c3 O-O 8. Qe2 Ne4 9. h3 Nd7 10. O-O c5 11.
a4 a5 12. Rfd1 f5 13. Bb5 g5 14. Bh2 Kh8 15. Bxd7 Qxd7 16. Ne5 Qe8 17. Nxe4
fxe4 18. Qb5 Qxb5 19. axb5 Rad8 20. dxc5 Bxc5 21. b4 axb4 22. cxb4 Bxb4 23. Ra7
Bc8 24. Nf7+ Rxf7 25. Rxf7 Kg8 26. Rc7 Bc5 27. Ra1 d4 28. exd4 Bxd4 29. Ra8 1-0

[Event "Campeonato Brasileiro Amador 2019 U2200"]
[Site "Sao Paulo"]
[Date "2019.06.20"]
[Round "2.15"]
[White "Souza Dos Santos, Matheus Garcett"]
[Black "Mariani, Daniel Brandao"]
[Result "0-1"]
[WhiteElo "1867"]
[BlackElo "2037"]
[PlyCount "48"]
[EventDate "2019.06.20"]

{[%evp 0,48,16,28,41,8,42,20,82,65,54,8,19,-45,7,-42,22,18,54,19,87,28,28,21,9,
-46,-104,-129,-129,-141,-141,-152,-161,-161,-147,-180,-135,-191,-191,-184,200,
-238,-238,-265,-265,-656,-656,-656,-655,-738,-760]} 1. e4 e6 2. d4 d5 3. Nc3
Nf6 4. e5 Nfd7 5. f4 c5 6. Nce2 Nc6 7. c3 Qb6 8. Nf3 f6 9. a3 a5 10. Qc2 Be7
11. Be3 O-O 12. Ng3 cxd4 13. cxd4 fxe5 14. fxe5 Ndxe5 15. Nxe5 Nxe5 16. Be2 Bd7
17. Qd2 Nc6 18. Bf3 a4 19. O-O Ne5 20. Rad1 Nc4 21. Qe1 Qxb2 22. Bxd5 Rxf1+ 23.
Nxf1 exd5 24. Bc1 Qc2 0-1

[Event "Campeonato Brasileiro Amador 2019 U2200"]
[Site "Sao Paulo"]
[Date "2019.06.20"]
[Round "2.16"]
[White "De Carvalho, Jose Jorge"]
[Black "Ferreira, Jose Carlos"]
[Result "1-0"]
[WhiteElo "2152"]
[BlackElo "1832"]
[PlyCount "43"]
[EventDate "2019.06.20"]

{[%evp 0,38,16,28,56,58,49,44,63,34,102,21,64,35,32,37,77,50,50,76,74,63,88,69,
65,8,14,25,96,30,90,71,66,88,115,115,181,152,393,447,367]} 1. e4 c5 2. Nf3 e6
3. d4 cxd4 4. Nxd4 a6 5. c4 Qc7 6. Nc3 Nc6 7. Be3 Bb4 8. Bd3 Ne5 9. O-O Bxc3
10. bxc3 Nxd3 11. Qxd3 Nf6 12. f4 d6 13. Nf3 Nd7 14. f5 Ne5 15. Nxe5 dxe5 16.
f6 g6 17. Rab1 b5 18. cxb5 axb5 19. Qxb5+ Bd7 20. Qb4 Bc6 21. Rfd1 Rd8 22. Bb6
1-0

[Event "Campeonato Brasileiro Amador 2019 U2200"]
[Site "Sao Paulo"]
[Date "2019.06.20"]
[Round "2.17"]
[White "Marcolino, Antonio Claudio H."]
[Black "Baldussi Fernandes, Bruno Mendonca"]
[Result "1-0"]
[WhiteElo "2103"]
[BlackElo "1740"]
[PlyCount "89"]
[EventDate "2019.06.20"]

{[%evp 0,74,37,14,34,-12,43,46,75,57,68,63,130,127,124,110,123,112,96,106,89,
82,119,100,117,115,115,121,171,182,182,182,360,360,360,191,259,249,347,322,259,
209,228,185,236,201,201,139,126,118,136,136,138,174,196,157,200,202,210,210,
218,238,237,178,173,137,247,242,241,257,248,246,270,288,288,212,218]} 1. d4 Nf6
2. c4 g6 3. Nc3 d5 4. cxd5 Nxd5 5. e4 Nf6 6. Bc4 c6 7. Nf3 Bg7 8. O-O O-O 9. h3
b5 10. Bd3 Bb7 11. Qe2 Nbd7 12. e5 Ne8 13. e6 Ndf6 14. exf7+ Rxf7 15. Ng5 Qxd4
16. Nxf7 Kxf7 17. Re1 Qd7 18. Bg5 Nc7 19. Rad1 Ncd5 20. Bc2 e6 21. Qf3 Rf8 22.
Ne4 Qe7 23. Bxf6 Bxf6 24. Ng5+ Kg8 25. Nxe6 Re8 26. Re4 Qf7 27. Rde1 Bc8 28.
Nf4 Rxe4 29. Bxe4 Nxf4 30. Qxf4 Bxb2 31. Qxf7+ Kxf7 32. Bxc6 Ba3 33. Re3 b4 34.
Bd5+ Kf6 35. Re8 Bf5 36. g4 Bd3 37. Re6+ Kg5 38. Re7 a5 39. Rxh7 a4 40. Ra7 Bc2
41. Bc6 b3 42. axb3 axb3 43. Ba4 Kh4 44. Bxb3 Bxb3 45. Rxa3 1-0

[Event "Campeonato Brasileiro Amador 2019 U2200"]
[Site "Sao Paulo"]
[Date "2019.06.20"]
[Round "2.18"]
[White "Da Conceicao, Daniel Firmino"]
[Black "Almeida Junior, Alvaro Alves De"]
[Result "0-1"]
[WhiteElo "1852"]
[BlackElo "2059"]
[PlyCount "144"]
[EventDate "2019.06.20"]

{[%evp 0,144,18,37,100,86,99,52,52,43,75,22,39,34,33,27,33,33,27,26,26,36,36,
36,29,42,46,62,58,53,82,53,65,70,59,66,82,67,79,64,64,58,95,100,100,34,71,51,
100,63,111,25,19,-8,64,-32,123,69,81,84,80,0,200,56,157,129,108,118,151,127,
154,122,138,143,142,91,79,64,65,65,41,11,30,-30,0,-69,-62,-51,-43,-133,-114,
-142,-136,-128,-149,-136,-117,-126,-120,-129,-126,-129,-140,-149,-148,-139,
-147,-142,-161,-139,-116,-111,-49,-39,0,-112,-112,-107,-98,-97,-21,-159,-1,
-135,-90,-124,-59,-59,-92,-54,-47,-65,-44,-174,-150,-227,-220,-266,-272,-286,
-286,-587,-632,-653,-653,-1022,-676]} 1. e4 c5 2. Nf3 d6 3. Bb5+ Bd7 4. Bxd7+
Qxd7 5. c4 Nc6 6. Nc3 g6 7. d4 cxd4 8. Nxd4 Bg7 9. Be3 Nf6 10. f3 O-O 11. O-O
Rac8 12. b3 Rfd8 13. Qd2 h5 14. Rad1 Ne5 15. Nc2 b6 16. h3 Qb7 17. Nb4 e6 18.
Bg5 Rd7 19. Nc2 a6 20. f4 Nc6 21. f5 Nh7 22. f6 Bh8 23. a4 Ne5 24. Qf4 Rc5 25.
h4 Ng4 26. Rxd6 Rxd6 27. Qxd6 Nxg5 28. hxg5 Rxg5 29. Qd8+ Kh7 30. Nd4 Nh6 31.
Qe7 Qb8 32. Nxe6 Re5 33. Nf8+ Kg8 34. Nd7 Rxe7 35. Nxb8 Re6 36. Nd7 Ng4 37. e5
Nxe5 38. Nxe5 Rxe5 39. Nd5 Re6 40. b4 Kh7 41. g4 Re4 42. gxh5 Rxc4 43. hxg6+
Kxg6 44. Ne7+ Kg5 45. Nd5 Rd4 46. Nxb6 Rxb4 47. a5 Rb5 48. Nc4 Bxf6 49. Nd6
Bd4+ 50. Kg2 Rb2+ 51. Kh3 f6 52. Rf5+ Kg6 53. Rd5 Be5 54. Nc4 Rh2+ 55. Kg4 f5+
56. Kf3 Bc7 57. Rd7 Rh3+ 58. Kg2 Rh7 59. Rd5 Rh4 60. Nd6 f4 61. Nc8 Bb8 62. Rd8
Be5 63. Nd6 Kf6 64. Ne4+ Kf5 65. Nc5 Bc7 66. Rd5+ Kg4 67. Ne6 f3+ 68. Kg1 Bh2+
69. Kf1 Rh6 70. Nc5 Bg3 71. Rd4+ Kf5 72. Rd5+ Kg6 0-1

[Event "Campeonato Brasileiro Amador 2019 U2200"]
[Site "Sao Paulo"]
[Date "2019.06.20"]
[Round "2.19"]
[White "Jesus Filho, Jose Carlos"]
[Black "Soares, Renan Barbosa Montei"]
[Result "0-1"]
[WhiteElo "1727"]
[BlackElo "1991"]
[PlyCount "98"]
[EventDate "2019.06.20"]

{[%evp 0,66,33,39,48,48,111,34,37,13,11,-13,16,-2,2,-6,16,8,20,-5,-5,-1,26,-24,
-24,-26,-22,-33,-11,-26,-5,-15,89,-8,1,-29,2,-17,-18,-55,-25,-21,-21,-22,1,-30,
-37,-16,-8,-94,-73,-127,-114,-114,-112,-147,-139,-174,-154,-159,-159,-274,-325,
-311,-316,-321,-321,-319,-274]} 1. e4 c5 2. Nf3 d6 3. c3 Nf6 4. Bc4 e6 5. d3
Be7 6. O-O O-O 7. Be3 Nc6 8. Nbd2 Rb8 9. h3 b5 10. Bb3 a5 11. Nh2 a4 12. Bc2
Qa5 13. f4 Ba6 14. g4 b4 15. g5 Ne8 16. c4 a3 17. b3 Qd8 18. h4 Nc7 19. Ndf3 f6
20. d4 cxd4 21. Nxd4 Nxd4 22. Bxd4 e5 23. Be3 Bb7 24. Qd2 Ne6 25. Rad1 Nxf4 26.
Bxf4 exf4 27. g6 hxg6 28. Qxf4 Qb6+ 29. Kg2 f5 30. Rd5 Bxd5 31. exd5 Bf6 32.
Nf3 Rbe8 33. Rf2 Qd8 34. h5 Be5 35. Qg5 Qxg5+ 36. Nxg5 gxh5 37. Ne6 Rf6 38.
Rxf5 Rxf5 39. Bxf5 Kf7 40. Kf3 g6 41. Bd3 Kf6 42. c5 dxc5 43. Nxc5 Rd8 44. Be4
Bd6 45. Nb7 Rd7 46. Na5 g5 47. Nc6 g4+ 48. Kg2 h4 49. Bd3 h3+ 0-1

[Event "Campeonato Brasileiro Amador 2019 U2200"]
[Site "Sao Paulo"]
[Date "2019.06.20"]
[Round "2.20"]
[White "Kajiwara, Flavio Toshio Prizon"]
[Black "Almeida Silva, Emiliano Piskator"]
[Result "0-1"]
[WhiteElo "1925"]
[BlackElo "1707"]
[PlyCount "44"]
[EventDate "2019.06.20"]

{[%evp 0,44,16,28,76,85,85,72,97,88,74,86,91,53,106,86,91,21,9,9,18,-20,-9,-65,
-65,-52,-53,-94,-52,-52,-60,-97,-87,-256,-179,-248,-115,-99,-3,-28,-18,-96,-77,
-120,-78,-502,-509]} 1. e4 d6 2. Nf3 Nf6 3. Nc3 g6 4. d4 Bg7 5. Be2 O-O 6. O-O
Na6 7. a3 c5 8. Bxa6 cxd4 9. Nxd4 bxa6 10. Re1 Bb7 11. b4 Rc8 12. Bb2 Rc4 13.
f3 Qb6 14. Na4 Qc7 15. Kh1 Rc8 16. Rc1 Bh6 17. Rb1 e5 18. Ne2 Rxc2 19. Bc3 Ra2
20. Bb2 Qc2 21. Qxc2 Rxc2 22. Nac3 Raxb2 0-1

[Event "Campeonato Brasileiro Amador 2019 U2200"]
[Site "Sao Paulo"]
[Date "2019.06.20"]
[Round "2.21"]
[White "Leite, Tarcisio Dantas Frot"]
[Black "Mobaier, Sergio"]
[Result "0-1"]
[WhiteElo "1572"]
[BlackElo "1918"]
[PlyCount "56"]
[EventDate "2019.06.20"]

{[%evp 0,56,16,28,21,47,61,54,53,68,68,56,83,96,96,79,67,64,137,93,49,60,87,29,
6,-25,26,-17,-65,-133,-127,-145,-138,-138,-150,-278,-270,-263,-242,-231,-183,
-305,-216,-262,-213,-232,-231,-231,-141,-174,-163,-371,-463,-436,-547,-794,
-871,-28478,-1744]} 1. e4 d5 2. exd5 Qxd5 3. Nc3 Qa5 4. d4 Nf6 5. Bc4 c6 6. Bd2
Bf5 7. Nf3 e6 8. O-O Be7 9. Re1 Qc7 10. Ne5 O-O 11. f3 Qb6 12. Be3 Qxb2 13. Qd2
Qxc2 14. Re2 Qxd2 15. Rxd2 Nbd7 16. g4 Bg6 17. g5 Nxe5 18. dxe5 Nd5 19. Nxd5
exd5 20. Be2 Rfd8 21. f4 Be4 22. Bg4 g6 23. Rc1 b6 24. Rxc6 d4 25. Rc7 dxe3 26.
Rdd7 Rxd7 27. Bxd7 Bc5 28. Kf1 Bd3+ 0-1

[Event "Campeonato Brasileiro Amador 2019 U2200"]
[Site "Sao Paulo"]
[Date "2019.06.21"]
[Round "3.1"]
[White "Tomiello, Lucas Costamilan"]
[Black "Damaceno, Mateus Lima"]
[Result "1/2-1/2"]
[WhiteElo "2088"]
[BlackElo "2136"]
[PlyCount "172"]
[EventDate "2019.06.20"]

{[%evp 0,62,16,28,43,26,21,30,12,-27,-27,-61,-19,-47,-16,-16,5,-58,-46,-22,-27,
12,23,11,11,12,29,-6,-6,-14,9,4,13,-1,18,15,37,19,21,21,19,28,8,11,32,3,0,-20,
-21,-55,-58,-54,-61,-82,-46,-38,-32,-57,-41,-28,-42,-29,-35,-22,11]} 1. e4 e5
2. Nf3 Nc6 3. Bb5 a6 4. Ba4 Nf6 5. O-O Be7 6. Re1 b5 7. Bb3 d6 8. c3 O-O 9. d4
Bg4 10. d5 Na5 11. Bc2 c6 12. h3 Bc8 13. dxc6 Nxc6 14. Bg5 Be6 15. Nbd2 Nd7 16.
Be3 Rc8 17. Qe2 Qc7 18. a4 Rb8 19. axb5 axb5 20. Bb3 Bxb3 21. Nxb3 b4 22. c4
Nc5 23. Nfd2 Ra8 24. Bxc5 dxc5 25. Nf1 Nd4 26. Qd3 Rad8 27. Nxd4 Rxd4 28. Qc2
Bg5 29. Ne3 Bxe3 30. fxe3 Rd6 31. Red1 Rfd8 32. Rd5 Rxd5 33. exd5 g6 34. Ra6
Qe7 35. e4 Qh4 36. Qe2 Qf4 37. Ra7 Rf8 38. b3 Kg7 39. Qf3 Qd2 40. Kh2 h5 41.
Rc7 Qd4 42. Rc6 f6 43. Ra6 Rf7 44. Ra8 f5 45. exf5 Rxf5 46. Ra7+ Kh6 47. Qe2
Rf2 48. Qe1 e4 49. Re7 Rf4 50. h4 e3 51. Qxe3 Qxe3 52. Rxe3 Rxh4+ 53. Kg3 Rd4
54. Kf3 Kg5 55. Ke2 Kf5 56. Rd3 Re4+ 57. Kf3 Re7 58. Re3 Ra7 59. Rd3 Re7 60.
Rd2 Ra7 61. g3 g5 62. Re2 Ra3 63. Rb2 Ke5 64. Ke3 Ra1 65. Rd2 Kd6 66. Ke4 Rg1
67. Rd3 h4 68. gxh4 gxh4 69. Rh3 Rg4+ 70. Kf5 Rg3 71. Rxh4 Rxb3 72. Rh6+ Kd7
73. Rc6 Rc3 74. Rxc5 b3 75. Ke5 b2 76. Rb5 Rxc4 77. Rb7+ Kc8 78. Rxb2 Rh4 79.
Kd6 Rh6+ 80. Ke7 Rh7+ 81. Kd6 Rh6+ 82. Kc5 Rg6 83. Rf2 Rh6 84. Rf7 Kd8 85. Rf1
Kd7 86. Ra1 Kd8 1/2-1/2

[Event "Campeonato Brasileiro Amador 2019 U2200"]
[Site "Sao Paulo"]
[Date "2019.06.21"]
[Round "3.2"]
[White "Ganhoto, Marco Alves"]
[Black "Labussiere, Yago"]
[Result "1/2-1/2"]
[WhiteElo "2081"]
[BlackElo "2110"]
[PlyCount "114"]
[EventDate "2019.06.20"]

{[%evp 0,114,32,-24,36,36,36,2,27,33,33,12,12,19,27,27,77,50,55,40,38,11,61,40,
41,40,61,55,78,13,13,-14,-8,-17,12,12,13,16,1,-11,-8,-23,-13,-29,6,-62,-35,-27,
-27,-27,-37,-29,-13,-25,-25,-25,3,17,-1,1,-4,-7,-12,-4,3,-36,-6,4,-27,0,-5,0,0,
0,9,9,30,0,115,118,116,125,120,-4,161,131,149,119,102,99,109,106,106,81,103,94,
102,121,100,100,121,121,103,101,108,108,106,104,104,104,104,104,104,91,85,74,
85]} 1. c4 g6 2. Nf3 Bg7 3. g3 d6 4. d4 Nf6 5. Bg2 O-O 6. Nc3 Nbd7 7. O-O e5 8.
dxe5 dxe5 9. Bg5 h6 10. Bxf6 Bxf6 11. Qd2 Bg7 12. Rad1 c6 13. Ne4 Qe7 14. b4
Nb6 15. c5 Nd5 16. a3 Be6 17. Nd6 Rfd8 18. e4 Nc7 19. Qc3 Nb5 20. Nxb5 cxb5 21.
Qc2 Rdc8 22. Qb2 a5 23. Rd2 axb4 24. axb4 Ra2 25. Qc3 Rxd2 26. Qxd2 Ra8 27. Rd1
f6 28. Bf1 Qe8 29. Qc3 Bf8 30. Ra1 Rxa1 31. Qxa1 Qc6 32. Nd2 Qd7 33. Qc3 h5 34.
Qd3 Qxd3 35. Bxd3 Bh6 36. Nb1 Bd7 37. Kf1 Bc6 38. Ke2 Bf8 39. Nc3 b6 40. cxb6
Bxb4 41. Nxb5 Bxb5 42. Bxb5 Kf7 43. h4 Ke7 44. b7 Bd6 45. Kd3 Kd8 46. Bc6 Kc7
47. Be8 g5 48. Bxh5 gxh4 49. gxh4 Kxb7 50. Kc4 Kc7 51. Kd5 Kd7 52. Be8+ Ke7 53.
h5 Ba3 54. h6 Kf8 55. Ke6 Bc1 56. Kxf6 Bxh6 57. Bd7 Bf4 1/2-1/2

[Event "Campeonato Brasileiro Amador 2019 U2200"]
[Site "Sao Paulo"]
[Date "2019.06.21"]
[Round "3.4"]
[White "Labussiere, Victor"]
[Black "Do Valle Cardoso, Lucas"]
[Result "1-0"]
[WhiteElo "2096"]
[BlackElo "2198"]
[PlyCount "113"]
[EventDate "2019.06.20"]

{[%evp 0,4,26,20,34,-29,42]} 1. d4 Nf6 2. c4 g6 3. f3 e5 4. dxe5 Nh5 5. Nh3
Qh4+ 6. g3 Qxc4 7. Nc3 Bb4 8. Bd2 Nc6 9. a3 Ba5 10. e3 Qe6 11. f4 Bxc3 12. Bxc3
d6 13. Ng5 Qe7 14. exd6 Qxe3+ 15. Qe2 Qxe2+ 16. Bxe2 O-O 17. dxc7 Bf5 18. O-O
Ng7 19. Bf3 Rac8 20. Ne4 Bxe4 21. Bxe4 Rxc7 22. Rfe1 Rd7 23. Rad1 Rfd8 24. Rxd7
Rxd7 25. Kf2 Kf8 26. b4 Ne6 27. f5 Ned4 28. f6 h5 29. a4 Ne6 30. b5 Ncd4 31.
Rd1 Ke8 32. Bg2 b6 33. h4 Kd8 34. Bb4 Rc7 35. Bd5 Kc8 36. Rd2 Rd7 37. Bg2 Rc7
38. Bd5 Rd7 39. Ba2 Nc5 40. Bxc5 bxc5 41. Kg2 Kc7 42. a5 Kd6 43. Bc4 Ke5 44.
Rb2 Kxf6 45. b6 axb6 46. axb6 Rd8 47. b7 Rb8 48. Bd5 Nf5 49. Kf3 Nd6 50. Kf4 c4
51. Rb6 Ke7 52. Ke5 f6+ 53. Kd4 Nf5+ 54. Kxc4 g5 55. Kc5 gxh4 56. gxh4 Ne3 57.
Re6+ 1-0

[Event "Campeonato Brasileiro Amador 2019 U2200"]
[Site "Sao Paulo"]
[Date "2019.06.21"]
[Round "3.5"]
[White "Januario, Severino Pereira"]
[Black "Federzoni, Enzo"]
[Result "0-1"]
[WhiteElo "2135"]
[BlackElo "2091"]
[PlyCount "148"]
[EventDate "2019.06.20"]

{[%evp 0,146,16,28,100,53,112,89,89,56,82,58,66,21,66,59,55,53,82,22,30,19,22,
8,19,3,15,22,11,-3,14,-19,32,-18,-1,-25,-19,-19,26,-44,-39,-54,26,25,39,42,60,
46,58,46,54,45,74,61,68,28,24,19,0,-12,-12,-12,-43,-57,12,17,38,-42,-14,-10,-3,
-11,-19,-61,-64,-100,-64,-164,-105,-91,-76,-76,-76,-72,-72,-118,-79,-102,-43,
-86,-47,-35,-35,-108,-37,-28,-28,-37,0,0,-6,-6,-7,-28,-28,-6,0,-6,0,-6,0,0,0,0,
0,-31,4,-33,0,-20,14,0,0,0,16,0,52,-128,-79,-50,-35,-193,-634,-29987,-29982,
-29983,-29984,-29985,-29986,-29987,-29988,-29989,-193,-193,-141,-1305,-1444,
-1444,-1597]} 1. e4 c5 2. Nf3 d6 3. d4 cxd4 4. Nxd4 Nf6 5. Nc3 a6 6. g3 e6 7.
Bg2 Nc6 8. O-O Bd7 9. Kh1 Be7 10. Be3 O-O 11. Qe2 Nxd4 12. Bxd4 e5 13. Be3 Rc8
14. Rad1 Qa5 15. Bg5 Bg4 16. Bf3 Be6 17. Bxf6 Bxf6 18. Bg4 Rc6 19. Nd5 Bxd5 20.
Rxd5 Qc7 21. c3 b5 22. Rfd1 Rb8 23. a3 Be7 24. f4 exf4 25. gxf4 Bf8 26. Bf3 Rc5
27. e5 Rxd5 28. Rxd5 dxe5 29. Rxe5 Rd8 30. Bd5 g6 31. f5 Rd7 32. Qe4 Qd6 33.
Bb3 Re7 34. Rxe7 Bxe7 35. fxg6 hxg6 36. Bd5 Kg7 37. Qf3 Bf6 38. Bb3 Qe5 39. Qd5
Qe1+ 40. Kg2 Qe2+ 41. Kg1 Qe7 42. Qf3 Bg5 43. Kf1 a5 44. a4 b4 45. cxb4 axb4
46. Bc4 Bf6 47. b3 Qe5 48. Kg2 Qg5+ 49. Qg3 Qf5 50. Qf3 Qc2+ 51. Qf2 Qe4+ 52.
Qf3 Qe5 53. Qg3 Qc5 54. Qf2 Qc7 55. Qg3 Be5 56. Qf3 Qe7 57. h3 Bd4 58. Qf4 Ba7
59. a5 Qb7+ 60. Qf3 Qd7 61. Qd5 Qe7 62. a6 Bc5 63. Qb7 Qg5+ 64. Kf1 Qc1+ 65.
Kg2 Qg1+ 66. Kf3 Qf2+ 67. Kg4 Qf5+ 68. Kg3 Qg5+ 69. Kf3 Qe3+ 70. Kg4 Be7 71.
Bxf7 Kxf7 72. a7 Qg1+ 73. Kf4 g5+ 74. Kf5 Qf2+ 0-1